Arrow Puzzle #1 - Sudden Death - Statistics

General Stats
  • This quiz has been taken 109,747 times
  • The average score is 31 of 67
Answers on the Grid
Answers color-coded by a green-red scale on the quiz's grid according to % correct below.
 
Answer Stats
Answer % Correct
86%
75%
59%
58%
55%
53%
53%
52%
52%
50%
50%
49%
49%
49%
48%
48%
47%
47%
47%
47%
46%
46%
46%
46%
46%
46%
45%
45%
45%
45%
45%
44%
44%
44%
44%
44%
44%
43%
43%
43%
43%
43%
43%
43%
42%
42%
42%
42%
42%
42%
42%
42%
42%
42%
42%
41%
41%
41%
41%
41%
41%
41%
40%
40%
39%
38%
38%
No matching quizzes found
Score Distribution
Percent of People with Each Score
Percentile by Number Answered
Your Score History
You have not taken this quiz